Applied dimensional analysis and modeling /

Salvato in:
Dettagli Bibliografici
Autore principale: Szirtes, Thomas
Altri autori: Rózsa, P.
Natura: Libro
Lingua:inglese
Pubblicazione: New York McGraw Hill c1998.
Soggetti:
Accesso online:Contributor biographical information
Publisher description
Table of contents
Visualizza in OPAC
Tags: Aggiungi Tag
Nessun Tag, puoi essere il primo ad aggiungerne!!

MARC

LEADER 00000cam a2200000 a 4500
005 20260127134150.0
008 970616s1998 nyua b 001 0 eng
010 |a 97-026056 
020 |a 0070628114 
035 |a vtls008704148 
039 9 |y 200605261028  |z mschk03 
040 |a STUSCHK1  |b slo  |c STUSCHK1 
082 0 0 |a 530.8  |2 21 
100 1 |a Szirtes, Thomas. 
245 1 0 |a Applied dimensional analysis and modeling /  |c Thomas Szirtes ; with a chapter on mathematical preliminaries by Pál Rózsa. 
260 |a New York  |b McGraw Hill  |c c1998. 
300 |a xxv, 790 p.  |b ill.  |c 24 cm. 
504 |a Includes bibliographical references and index. 
650 0 |a Dimensional analysis. 
650 0 |a Engineering models. 
700 1 |a Rózsa, P. 
856 4 2 |3 Contributor biographical information  |u http://www.loc.gov/catdir/bios/mh041/97026056.html 
856 4 2 |3 Publisher description  |u http://www.loc.gov/catdir/description/mh023/97026056.html 
856 4 1 |3 Table of contents  |u http://www.loc.gov/catdir/toc/mh022/97026056.html 
906 |a 7  |b cbc  |c orignew  |d 1  |e ocip  |f 19  |g y-gencatlg 
910 |a SCHK95 
919 |a 0-07-062811-4 
920 |a ** LC HAS REQ'D # OF SHELF COPIES ** 
991 |b c-GenColl  |h TA347.D5  |i S95 1998  |t Copy 1  |w BOOKS 
999 |c 5616  |d 5616